000 00296nam a2200097Ia 4500
001 1206386
005 20251017105312.0
008 250824s9999 xx 000 0 und d
245 0 _aKUYRUKLU YILDIZ ALTINDA BİR İZDİVAÇ
_cHÜSEYİN RAHMİ GÜRPINAR
260 _bBİLGE KÜLTÜR SANAT YAYINLARI
999 _c1206386
_d1206386